00281 a2200121 4500000002500000020001800025100002200043245004300065250000600108260001700114264001100131999001700142 nam a22 7a 4500 a9781484277287 aPanesar,Arjun983 aMachine learning and AI for healthcare a2 bApressc2021 bApress c35939d35939